000 00465nam a2200193Ia 4500
005 20240823012453.0
008 240823s9999||||xx |||||||||||||| ||und||
020 _a81-7866-076-8
041 _aENGLISH
082 _A658.834 P2
100 _aSuja R Nair
245 0 _aConsumer behaviour in Indian Perspective
250 _a1st
260 _c2002
_b"Himalaya ,M"
500 _aYES
650 _aConsumer
_bManagement Studies
942 _cBK
999 _c164492
_d164492